000
00261nam a2200109Ia 4500
008
231212s1967 xx 000 0 und d
041
_a
eng
082
_a
621.3811
100
_a
Mileat Harry
245
_a
Electronic Vol. I I
260
_a
New Delhi
_b
McGrowh
_c
1967
999
_c
959213
_d
959213